| 000 | 00535nam a2200217Ia 4500 | ||
|---|---|---|---|
| 003 | 0100 | ||
| 008 | 130303s9999 xx 000 0 und d | ||
| 020 | _a9966081046 | ||
| 040 | _cARRUPELIB | ||
| 050 | _aBX1675.C437 | ||
| 100 | _aNdung'u, Nahashon W. | ||
| 245 | _aChallenges and prospects of the church in Africa | ||
| 245 | _bTheological reflections of the 21st century | ||
| 260 | _aNairobi | ||
| 260 | _bPaulines | ||
| 260 | _C2005 | ||
| 300 | _a175p. | ||
| 300 | _b 21cm. | ||
| 650 | _bPhilosophy | ||
| 942 |
_2lcc _02 |
||
| 999 |
_c66304 _d66304 |
||